LIBRARY & INFORMATION CENTRE, KCAET, TAVANUR

ONLINE PUBLIC ACCESS CATALOGUE (OPAC)

Normal view MARC view
  • Mkay, W.B .

Entry Personal Name

Number of records used in: 1

001 - CONTROL NUMBER

  • control field: 1109

003 - CONTROL NUMBER IDENTIFIER

  • control field: OSt

005 - DATE AND TIME OF LATEST TRANSACTION

  • control field: 20160722105608.0

008 - FIXED-LENGTH DATA ELEMENTS

  • fixed length control field: 160722|| aca||aabn | a|a d

040 ## - CATALOGING SOURCE

  • Original cataloging agency: OSt
  • Transcribing agency: OSt

100 ## - HEADING--PERSONAL NAME

  • Personal name: Mkay, W.B .

670 ## - SOURCE DATA FOUND

  • Source citation: Work cat.: (OSt)62: Mkay, W.B ., Building construction,vol-1 / -Metric Edition, 2013
free website counter